00550nam a22001817a 450000500170000001000150001702000290003203500140006103700130007508200080008810000190009624500670011525000170018226000420019927000400024130000370028150000500031820180705103544.0 aENG-123383 c455.00 a9789352832187 aEN-106915 bDBAD/PUB a000 aAggarwal, R.S.00aA modern approach to non-verbal reasoning /cby R.S. Aggarwal, aRevised Edn. aNew DelhibS. Chand and Companyc2018 a7361, Ram Nagar,bNew Delhie110055 avarious paging.c27cm(pbk)bill. aIt includes Additional questions with answers